00497nas a22001577a 4500008004100000022001400041245003400055260010900089300000900198546001400207590004000221650003100261650002000292942001200312999001500324130404t20019999ag ||||| |||| 00| 0 spa d a1515-3665 aSalud, el deporte y el niño aMar del Plata,bArea de Medicina del Deporte del Hospital Interzonal Esecializad Materno Infantil:c2001 av. : aespañol aExistencias: 2001 5(11); 2002 6(12) aMEDICINA DEL DEPORTE91876 aPEDIATRIA91741 2ddccCR c1299d1299